00301nam a22001097a 4500008004100000020002200041082000900063100001200072245006300084260002400147300002000171230301b |||||||| |||| 00| 0 eng d a978-0-753-55324-4 a158  aBJ Fogg aTiny Habits:bWhy starting small makes lasting change easy bVirgin Books,c2020 a306 p.c19.7 cm